=LDR 00000nam 2200000 4500 =001 INLIS000000000045452 =005 20150202133612.0 =006 =007 =008 =035 ##$$0010-021500000000012 =040 ##$$a NBPDMAT =082 ##$$a 372.350 724 =090 ##$$a 372.350 724 $b Dwi l =100 ##$$a Dwi Tyas Utami =245 ##$$a Lembar Eksperimen Ilmu Pengetahuan Alam untuk SD/MI kelas / $c Dwi Tyqas Utami, Sri Wahyuni dan C.Sukanto =260 ##$$a Jakarta : $b Erlangga, $c 2010 =300 ##$$a ... Jil. : ilus. ; 28 cm. =500 ##$$a Yang diterima jilid 4, 5 dan ( Kelas 4,5 dan 6 ) =650 ##$$a Sains - SD- Eksperimen =700 ##$$a Sri Wahyuni, C. Sukanto =850 ##$$a NBPDMAT